प्रशासनिक हिन्दी टीप एवं पत्र-लेखन / (Record no. 66041)

MARC details
000 -LEADER
fixed length control field 00929nam a22002057a 4500
005 - DATE AND TIME OF LATEST TRANSACTION
control field 20120503112612.0
020 ## - INTERNATIONAL STANDARD BOOK NUMBER
International Standard Book Number
Terms of availability 90.00
035 ## - SYSTEM CONTROL NUMBER
System control number A-699794
037 ## - SOURCE OF ACQUISITION
Source of stock number/acquisition PUB
082 ## - DEWEY DECIMAL CLASSIFICATION NUMBER
Classification number 420
100 ## - MAIN ENTRY--PERSONAL NAME
Personal name पालीवाल, नारायणदत्त
245 ## - TITLE STATEMENT
Title प्रशासनिक हिन्दी टीप एवं पत्र-लेखन /
Statement of responsibility, etc नारायणदत्त पालीवाल
260 ## - PUBLICATION, DISTRIBUTION, ETC. (IMPRINT)
Place of publication, distribution, etc दिल्ली
Name of publisher, distributor, etc उत्कर्ष प्रकाशन
Date of publication, distribution, etc 1992
270 ## - ADDRESS
Address
City
Postal code
Telephone number
300 ## - PHYSICAL DESCRIPTION
Extent 112पृ
Dimensions 22सेमी (सजिल्द)
650 ## - SUBJECT ADDED ENTRY--TOPICAL TERM
Topical term or geographic name as entry element हिन्दी भाषा
General subdivision व्याकरण
700 ## - ADDED ENTRY--PERSONAL NAME
Personal name कौशिक, ओमप्रकाश
9 (RLIN) 45986
942 ## - ADDED ENTRY ELEMENTS (KOHA)
Source of classification or shelving scheme Dewey Decimal Classification
Item type Hindi Books
Call number suffix पालीवा
Classification part 420
Holdings
Withdrawn status Lost status Not for loan Collection code Home library Current library Date acquired Cost, normal purchase price Full call number Barcode Cost, replacement price Koha item type
      Non-fiction Sarojini Nagar Sarojini Nagar 03/05/2012 90.00 420 पालीवा A-699794 90.00 Hindi Books

© Delhi Public Library
Hit Counter
free hit counter